000 00476nam a2200169Ia 4500
999 _c26481
_d26481
003 OSt
005 20201204101246.0
008 190216s9999||||xx |||||||||||||| ||und||
040 _coclc
082 _a894.8123
_bRAM/S
100 _aRamakrishnan, Malayatoor
_96469
245 0 _aSwaram /
_cMalayatoor Ramakrishnan
260 _bDc Books,
_aKottayam:
_c1988.
300 _a103p
650 _aNovel
942 _cBK
_2ddc
_h894.8123
_iRAM/S
_k894.8123
_mRAM/S